| 000 | nam a22 7a 4500 | ||
|---|---|---|---|
| 999 |
_c129481 _d129481 |
||
| 008 | 190426b xxu||||| |||| 00| 0 eng d | ||
| 050 | _aBX1938.B5 B775 | ||
| 100 |
_aBourque, Rev. John Rohan _946028 |
||
| 245 |
_aThe judicial power of the church: _bCanon 1553, 1 _c/ by Rev. John Rohan Bourque |
||
| 260 |
_aWashington, D. C.: _bThe Catholic University of America Press, _c1953. |
||
| 300 |
_ax, 149p. ; _c23cm. |
||
| 440 |
_aThe Catholic University of america Canon Law Studies _nno. 337 _946029 |
||
| 650 |
_aCatholic Church _xCanon law _946030 |
||
| 942 |
_2lcc _cMONOGRAPH |
||